| 000 | 01171cad a22001815a 4500 | ||
|---|---|---|---|
| 001 | L153889 | ||
| 008 | 110916s2011 xxk f 000 0 eng d | ||
| 035 | _a(Sirsi) u153889 | ||
| 041 | 0 | _aeng | |
| 110 | 2 |
_aConfederation of British Industry _9414 |
|
| 245 | 0 | 0 |
_aProtecting the UK's foundations _ba blueprint for energy-intensive industries _h[electronic resource] |
| 260 |
_a[S.l.] _bCBI _c2011 |
||
| 520 | _aRecommends that government moves quickly to ensure the global competitiveness of the UK's most energy-intensive manufacturers which are threatened with rising costs, climate change and energy policies. Argues that policy changes are necessary to support these industries including exemption from the carbon floor price and more support for energy efficiency technologies. | ||
| 651 | 4 |
_aEngland and Wales _y1543- |
|
| 690 | _aENVIRONMENTAL AND LAND CONSULTANCY-PLANNING AND DEVELOPMENT | ||
| 856 | 4 | 0 |
_uhttps://www.constructionproducts.org.uk/newsdesk/dbfiles/CBI%20Report%20Protecting%20the%20UK's%20Foundations%20-%20A%20blueprint%20for%20energy-intensive%20users%20Aug%202011.pdf _zView the item free of charge at www.constructionproducts.org.uk |
| 942 | _n0 | ||
| 999 |
_c112749 _d112749 |
||